Komunitné centrum - Nová Ves nad Žitavou

Gespeichert in:
Bibliographische Detailangaben
1. Verfasser: Lintnerová, Lucia (Verfasst von)
Weitere Verfasser: Struhařová, Petra (Betreuung Doktorarbeit)
Format: Manuskript Buch
Sprache:Slowakisch
Veröffentlicht: 2017
Schlagworte:
Online-Zugang:http://is.stuba.sk/zp/portal_zp.pl?podrobnosti=108259
https://opac.crzp.sk/?fn=detailBiblioForm&sid=DF521320909666631E73EAF290DD
Tags: Tag hinzufügen
Keine Tags, Fügen Sie das erste Tag hinzu!

MARC

LEADER 00000ntm a22000003a 4500
001 stuzp62418
003 SK-STU
005 20230606161417.0
007 ta
008 150427s2015----xo-----f-mn---000-0-slo-d
040 |a STU  |b slo 
041 0 |a slo 
100 1 |a Lintnerová, Lucia  |u 010310  |4 aut  |U SvF Stavebná fakulta  |T SvF Katedra architektúry  |X 62965  |U V181|V310  |Y 19  |7 62965 
242 0 1 |a Community centre-Nová Ves nad Žitavou  |y eng 
245 1 0 |a Komunitné centrum - Nová Ves nad Žitavou 
260 |c 2017 
650 4 |a komunita  |2 slo 
650 4 |a umenie  |2 slo 
650 4 |a obec  |2 slo 
650 4 |a škola  |2 slo 
650 4 |a community  |2 eng 
650 4 |a art  |2 eng 
650 4 |a village  |2 eng 
650 4 |a school  |2 eng 
700 1 |a Struhařová, Petra  |u 010310  |k Z3  |4 ths  |U SvF Stavebná fakulta  |T SvF Katedra architektúry  |X 77076  |U V181|V310  |Y 19  |7 77076 
856 4 |u http://is.stuba.sk/zp/portal_zp.pl?podrobnosti=108259 
856 4 |u https://opac.crzp.sk/?fn=detailBiblioForm&sid=DF521320909666631E73EAF290DD